000 00593nam a2200205Ia 4500
005 20250326140527.0
008 250326s9999 xx 000 0 und d
020 _a0-13-798876-1
037 _aTextbook
040 _aFMSL
_beng
_cFMSL
041 _aeng
_2eng
084 _aX652:8 M3
_qFMSL
100 _aFischer D E
_9735248
245 0 _aSecurity analysis and portfolio management
_cFischer D E; Jordan R J
250 _aEd 3
260 _aNew Delhi
_bNew Delhi, New Jersey, Prentice Hall
_c1983
300 _a632p
942 _cTB
_hX652:8 M3
999 _c1286169
_d1286169